Literatura española: momentos, géneros, obras
Guardat en:
| Autor principal: | |
|---|---|
| Format: | Llibre |
| Idioma: | espanyol |
| Publicat: |
San Miguel de Tucumán
Universidad Nacional de Tucumán
1971
|
| Col·lecció: | Cuadernos de Humanitas, 36
|
| Matèries: | |
| Etiquetes: |
Afegir etiqueta
Sense etiquetes, Sigues el primer a etiquetar aquest registre!
|
MARC
| LEADER | 00000nam a2200000 a 4500 | ||
|---|---|---|---|
| 001 | UCZ9101 | ||
| 003 | CL-VaPUC | ||
| 008 | 960301e19710000AG |||||||||||||||||spa|d | ||
| 082 | 0 | 4 | |a 860.9 |b CAR |2 21 |
| 100 | 0 | |a Carilla, Emilio |e author |9 354310 | |
| 245 | 1 | 0 | |a Literatura española: momentos, géneros, obras |
| 300 | |a v | ||
| 942 | |c BK | ||
| 945 | |d 19960301 00:00:00 |a rleighto | ||
| 260 | |a San Miguel de Tucumán |b Universidad Nacional de Tucumán |c 1971 | ||
| 600 | 0 | |a Cervantes y Saavedra, Miguel de |9 267947 | |
| 600 | 0 | 7 | |a VEGA, LOPE DE |2 CL-VaPUC |9 319628 |
| 650 | 0 | |a Literatura española |9 306261 | |
| 650 | 7 | |a NOVELA ESPAÑOLA |2 CL-VaPUC |9 313139 | |
| 650 | 0 | |a Poesía española |9 264938 | |
| 650 | 0 | |a Crítica e interpretación |9 255042 | |
| 583 | |a last modification |c 19960301 00:00:00 |k Rodrigo Vera | ||
| 490 | 0 | |a Cuadernos de Humanitas, 36 | |
| 999 | |c 244685 |d 244683 | ||
| 952 | |0 0 |1 0 |4 0 |6 860_900000000000000_CAR_1971 |7 0 |8 A |9 258845 |a BIBEDU |b BIBEDU |d 2019-11-19 |h v.1 |i 3174867 |o 860.9 CAR 1971 |p 3174867 |r 2019-11-19 |w 2019-11-19 |y BK |k LIT | ||